01763nam a2200457 i 450000100060000000300080000600500170001400600190003100700150005000800410006502000180010602000270012403500220015104000310017305000230020408000100022708200150023724500640025226401050031630000400042133600310046133700330049233800430052549000450056850000230061358800680063659001570070465000310086165000370089265000260092965000130095565000180096865500250098670000250101170000300103671000800106679700180114683000460116485600780121099900170128820448FlNmELB20241216213839.0m o d | cr cnu||||||||160311s2013 sp o 001 0 eng d z9788474985573 a9788474985580 (e-book) a(OCoLC)1198291397 aFINmELBbspaerdacFINmELB 4aQK981.5bN937 2013 a581.10 a581.1522300aNovel Tree Breeding /ceditores, Steve Lee, John Woolliams. 1aMadrid :bINIA - Instituto Nacional de Investigación y Tecnología Agraria y Alimentaria,c[2013] a1 recurso en línea (88 páginas) atextobtxt2rdacontent/spa acomputadorabc2rdamedia/spa arecurso en líneabcr2rdacarrier/spa1 aMonografías INIA. Serie Forestal ;v24 aContiene índice. aDescripción basada en el editor de metadatos y otras fuentes. aRecurso electronico. Santa Fe, Arg. : elibro, 2016. Disponible via World Wide Web. El acceso puede ser limitado para las bibliotecas afiliadas a elibro. 0aPlant genetic engineering. 4aIngeniería genética vegetal. 0aForests and forestry. 4aBosques. 4aSilvicultura. 4aLibros electronicos.1 aLee, Steve,eeditor.1 aWoolliams, John,eeditor.2 aInstituto Nacional de Investigación y Tecnología Agraria y Alimentaria.2 aelibro, Corp. 0aMonografías INIA. Serie Forestal ;v24.40uhttps://elibro.net/ereader/politecnicointernacional/107826zClick to View c20448d20448